logo

Bir Sreshtho Munshi Abdur Rouf Library
Jhenaidah Cadet College

সুহানের স্বপ্ন : (Record no. 219)

MARC details
000 -LEADER
fixed length control field 00791nam a2200229 a 4500
001 - CONTROL NUMBER
JCCL Control Number 219
003 - CONTROL NUMBER IDENTIFIER
JCCL marc code BD-JhCC
005 - DATE AND TIME OF LATEST TRANSACTION
control field 20220731134023.0
008 - FIXED-LENGTH DATA ELEMENTS--GENERAL INFORMATION
fixed length control field 171002s2015 bg |||| |||| 00| 0 ben d
020 ## - INTERNATIONAL STANDARD BOOK NUMBER
International Standard Book Number 9844584493
035 ## - SYSTEM CONTROL NUMBER
system control number (BD-JhCC) 219
040 ## - CATALOGING SOURCE
Original cataloging agency BD-JhCC
Modifying agency BD-JhCC
041 ## - LANGUAGE CODE
Language code of Book ben
082 ## - DEWEY DECIMAL CLASSIFICATION NUMBER
Classification number 891.443
Author mark and Year IQB 2015
100 ## - MAIN ENTRY--PERSONAL NAME
Personal name ইকবাল, মুহাম্মদ জাফর
245 ## - TITLE STATEMENT
Title সুহানের স্বপ্ন :
Remainder of title বৈজ্ঞানিক কল্পকাহিনী /
Statement of responsibility, etc মুহাম্মদ জাফর ইকবাল.
260 ## - PUBLICATION, DISTRIBUTION, ETC. (IMPRINT)
Place of publication, distribution, etc ঢাকা :
Name of publisher, distributor, etc সময় প্রকাশ,
Date of publication, distribution, etc ২০১৫.
300 ## - PHYSICAL DESCRIPTION
Pagination ১১৭ পৃ. :
Dimensions ২১ সেমি.
650 ## - SUBJECT ADDED ENTRY--TOPICAL TERM
Topical term or geographic name as entry element Bengali Science Fiction
942 ## - ADDED ENTRY ELEMENTS (KOHA)
Source of classification or shelving scheme Dewey Decimal Classification
Koha item type Books
Koha issues (borrowed), all copies 14
Holdings
Source of classification or shelving scheme Damaged status Not for loan Home library Current library Shelving location Date of accession Cost, normal purchase price Total Checkouts Full call number Barcode Checked out Date last seen Date checked out Copy number Koha item type
Dewey Decimal Classification     JCC Rouf Library JCC Rouf Library General Stacks 10/02/2017 150.00 9 891.443 IQB 2015 1467 12/13/2022 11/17/2022 11/17/2022 C-1 Books

JCC Library | Contacts | JCC Home

Last Update on 23 September 2017
Copyright @ 2017-2020 JCC Rouf Library
Rouf Library, Jhenidah Cadet College (JCC), Bangladesh